00277nam a2200121Ia 4500008004100000041001200041082001100053100001800064245001800082260003500100300000800135650001200143221030s9999 xx 000 0 und d aEnglish a105.23 aL. R. Hubbard 0aSelf Analysis bNew Era Pub.aCaliforniac2007 a375 aGeneral